00978 2200325 4500001002100000005001500021035002000036007000300056008004100059020002200100082001700122084001900139100003400158245008600192250003500278300003800313650002700351264003200378336002100410337003000431338002300461040002200484090002300506090002200529500001100551850001200562504003400574999002200608990002200630INLIS00000000085931620210429090140 a0010-0421001221ta210429s2021 yoia g 1 ind d a978-623-02-2320-404223a959.8681 a959.8681 LEK o0 aLeksi S.Y. IngguoeePengarang10aOtak Rote :bperspektif kehidupan sosial politik orang Rote /cLeksi S.Y. Ingguoe aCetakan pertama : Januari 2021 axiv, 139 halaman :bfoto ;c20 cm 4aRote--xPolitik sosial31aSleman :bDeepublish,c2021 2rdacontentateks 2rdamediaatanpa perantara 2rdacarrieravolume aYOPDYOGbinderda aDEP 959.8681 LEK o aCB-D.11 2021-0078 aindeks aYOPDYOG aBibliografi : halaman 127-132 aCB-D.11/2021-0078 aCB-D.11/2021-0078